Delito, pena y control social : un enfoque sociológico entre estructura y cultura /
Guardado en:
| Autor Principal: | |
|---|---|
| Formato: | Desconocido |
| Idioma: | Spanish |
| Publicado: |
Buenos Aires :
Ad-Hoc,
2012
|
| Edición: | 1a. ed. |
| Series: | Criminologías
11 |
| Materias: | |
| Etiquetas: |
Agregar Etiqueta
Sin Etiquetas, Sea el primero en etiquetar este registro!
|
| LEADER | 00639nac a22001815a 4500 | ||
|---|---|---|---|
| 001 | DER.der012216 | ||
| 008 | 180615s2012####ag#||||||||||||||#||spa|| | ||
| 005 | 20260126123324.0 | ||
| 245 | 1 | 0 | |a Delito, pena y control social : |b un enfoque sociológico entre estructura y cultura / |c Dario Melossi. |
| 250 | |a 1a. ed. | ||
| 260 | |a Buenos Aires : |b Ad-Hoc, |c 2012 | ||
| 300 | |a 525 p. | ||
| 440 | 0 | |a Criminologías |v 11 | |
| 505 | 0 | |a Criminología -- Penalidad y control social -- Inmigración y delito -- Cultura y comparación | |
| 020 | |a 9789508948816 | ||
| 100 | 1 | |a Melossi, Darío. | |
| 650 | 7 | |a CRIMINOLOGIA | |
| 859 | |a DERECHO |b BIB. DERECHO |h 364 |i MEL |p 006925 | ||
